000 00533nam a22001817a 4500
999 _c4365
_d4365
003 GBCCL
005 20241126110517.0
008 180119b xxu||||| |||| 00| 0 eng d
040 _cgbc
082 _a227.91007
_bDRU
100 _aDrullinger, David W.
_98205
245 _aJames:
_bFaith in Action /
_cDavid W. Drullinger
260 _bRegular Baptist Press,
_aIllinois:
_c1997
300 _a127 p.;
_c22 cm.
440 _aAdult Student Manual
_n4
_v46
_98206
650 _aBible
_vNew Testament
_vJames
_xStudy
_97930
942 _2ddc
_cBK
_022